Psychological concomitants of fasting in conditions of normal weight, obesity, health, illness, and prior drug use.

Bibliographic Details
Main Author: Terry-Haag, Sharon Anne
Other Authors: Borman (degree committee member.), Casey (degree committee member.), Stenning, Walter F. (degree committee member.)
Format: Thesis Book
Language:English
Published: 1981.
Subjects:
Online Access:Link to ProQuest Copy
Link to OAKTrust copy

MARC

Tag First Indicator Second Indicator Subfields
LEADER 00000ctm a2200000Ia 4500
001 in00000088025
005 20220104090732.0
008 820723s1981 xx bm 000 0 eng d
035 |9 AAK5125AM 
035 |a (OCoLC)08625198 
035 |a (OCoLC)8625198 
035 |a (OCoLC)ocm08625198 
040 |a TXA  |b eng  |c TXA  |d OCL  |d OCLCQ  |d OCLCF  |d OCLCO  |d OCLCQ  |d UMI  |d TXA  |d UtOrBLW 
049 |a TXAM 
100 1 |a Terry-Haag, Sharon Anne. 
245 1 0 |a Psychological concomitants of fasting in conditions of normal weight, obesity, health, illness, and prior drug use. 
264 1 |c 1981. 
300 |a xii, 171 leaves ;  |c 29 cm 
336 |a text  |b txt  |2 rdacontent 
337 |a unmediated  |b n  |2 rdamedia 
338 |a volume  |b nc  |2 rdacarrier 
500 |a "Major subject: Educational Psychology." 
500 |a Typescript (photocopy). 
500 |a Vita. 
502 |b Ph. D. in Philosophy  |c Texas A & M University  |d 1981 
504 |a Includes bibliographical references (leaves 156-159). 
520 3 |a This study had two major objectives. The first was to determine whether relationships existed between selected demographic and attitudinal variables and selected personality variables among individuals in a total fasting regime. The second was to determine if significant differences existed between individuals fasting for different reasons in regard to overall attitude changes and changes in selected personality variables. Background characteristics and other information used to consign individuals to the appropriate groups were obtained by use of a questionnaire developed for that specific purpose. Attitudes toward fasting were determined by use of an attitudinal inventory developed for that purpose. Personality variables were measured using the Sixteen Personality Factor Questionnaire and the Profile of Mood States. The populations of the study consisted of 37 individuals from the California Health Sanctuary and Chateau de Sage Health School who were grouped according to one of each of the following categories: (a) obese/non-obese; (b) ill/non-ill; (c) prior drug users/non-drug users; (d) veteran fasters/non-veteran (first-time) fasters. A no-treatment comparison group consisted of 16 individuals who were staying at the health institutions but were not fasting. Data analysis revealed numerous correlations for all combinations of variables in all groups. Significant differences in changes in attitudes were found only in the ill/non-ill group. The results indicated several significant differences in factors of the 16PF following the fast including changes on Factor I (Tender-Minded), Factor L (Suspicious), and Factor Q(,4) (Tense). On the scales of the POMS, there were significant changes in levels of tension, vigor, and fatigue noted among the different groups. There were descriptive, although not statistically significant, changes in levels of depression and anger. Ancillary analyses were conducted utilizing all combinations of fasters as one group. Data revealed that fasters reported significantly less tension, less anger, and more vigor than the comparison group. Both fasters and the comparison group reported decreases in depression and fatigue. Overall, distinct psychological improvements were noted in the fasting individual. The findings of the study are in sharp contrast to those of earlier studies warning that prolonged fasting is psychologically deleterious. 
650 0 |a Attitude (Psychology)  |0 http://id.loc.gov/authorities/subjects/sh85009407 
650 0 |a Attitude change.  |0 http://id.loc.gov/authorities/subjects/sh85009411 
650 0 |a Fasting.  |0 http://id.loc.gov/authorities/subjects/sh85047403 
650 4 |a Educational Psychology. 
655 7 |a Academic theses.  |2 lcgft  |0 http://id.loc.gov/authorities/genreForms/gf2014026039 
700 1 |a Borman,  |e degree committee member. 
700 1 |a Casey,  |e degree committee member. 
700 1 |a Hope, Lannes,  |e degree supervisor. 
700 1 |a Stenning, Walter F.,  |e degree committee member.  |0 http://id.loc.gov/authorities/names/n89636804 
710 2 |a Texas A & M University,  |e degree granting institution.  |0 http://id.loc.gov/authorities/names/n80125885 
856 4 1 |u http://proxy.library.tamu.edu/login?url=http://proquest.umi.com/pqdweb?did=749780171&sid=1&Fmt=2&clientId=2945&RQT=309&VName=PQD  |z Link to ProQuest Copy  |t 0 
856 4 1 |u https://hdl.handle.net/1969.1/DISSERTATIONS-98617  |z Link to OAKTrust copy  |t 0 
994 |a C0  |b TXA 
999 f f |s 90653eb5-5405-3770-aa08-8914e5fcfd7e  |i 3763ad6f-5831-3037-ab3c-040743e471f4  |t 0 
952 f f |p noncirc  |a Texas A&M University  |b J.J. Pickle Campus  |c High Density Repository  |s HDR  |d Remote Storage  |t 0  |e 1981 Dissertation T331  |h Other scheme  |i unmediated -- volume  |m A14841003852 
952 f f |a Texas A&M University  |b College Station  |c Electronic Resources  |s www_evans  |d Available Online  |t 0  |e 1981 Dissertation T331  |h Other scheme 
998 f f |a 1981 Dissertation T331  |t 0  |l Remote Storage 
998 f f |a 1981 Dissertation T331  |t 0  |l Available Online